000 007810000a22002170004500
003 dpl
005 20081031113220.0
008 081031t xxu||||| |||| 00| 0 eng d
010 _aENG-84673
020 _a8173917272
_c495.00 (hb)
035 _aEN-68206
040 _cdpl
082 _a372.52
100 _aJanardan Prasad
245 _aArt education:
_bconcepts, epistemacy and role /
_cby Janardan Prasad
260 _aNew Delhi
_bKanishka Publishers, Distributors
_c2005
300 _axiii,230p
_c22cm
500 _aIncludes bibliographical references and index
942 _2ddc
_cEN
_h372.52
_mJAN
999 _c17977
_d17977